Informacionnoje obespečenije v organizacionnych sistemach upravlenija /

Saved in:
Bibliographic Details
Main Authors: Zinger, I.S (Author), Kruglikov, B.I (Author), Sadovnikov, V.I (Author)
Format: Book
Language:Russian
Published: Moskva : Nauka, 1987
Tags: Add Tag
No Tags, Be the first to tag this record!

MARC

LEADER 00000nam a22000003a 4500
001 stu4047
005 20150617225810.0
008 930610s1987----xxr-----------------rus-d
040 |a STU  |b slo 
041 0 |a rus 
044 |a xxr 
080 |a 681.32.016 
080 |a 519.683.5 
080 |a 65.011.56 
100 1 |a Zinger, I.S  |4 aut 
245 1 |a Informacionnoje obespečenije v organizacionnych sistemach upravlenija /  |c [aut.] Zinger,I.S.; Kruglikov,B.I.; Sadovnikov,J 
260 |a Moskva :  |b Nauka,  |c 1987 
300 |a 206 s 
700 1 |a Kruglikov, B.I  |4 aut 
700 1 |a Sadovnikov, V.I  |4 aut 
996 |b I3624  |c I*3624  |l II680  |s A  |a 24  |w stu4047_0001